| 000 | 01180nam a2200349Ia 4500 | ||
|---|---|---|---|
| 001 | dia_916 | ||
| 003 | CHAP | ||
| 005 | 20230116111310.0 | ||
| 008 | 220117s1999 xx 000 0 und d | ||
| 010 | _a171464 | ||
| 020 | _a92-5-303735-0 | ||
| 040 | _cCHAP | ||
| 082 | _a583.47 A37 1999 | ||
| 110 |
_aFAO _939428 |
||
| 245 |
_aAgroecología, cultivo y usos del nopal / _c edición Giuseppe Barbera, Paolo Inglese y Eulogio Pimienta Barrios |
||
| 260 |
_aRoma, It. : _b FAO, _c1999 |
||
| 300 | _axxiii, 222 p. | ||
| 440 |
_aEstudio FAO. Producción y Protección Vegetal ; 132 _9149515 |
||
| 500 | _aEl ejemplar 2 es material fotocopiado | ||
| 503 | _aC/e (ej.1) | ||
| 504 | _aBibliografía: p. 201-218 | ||
| 590 | _aSB379.P8 A37 1999 | ||
| 650 |
_aOpuntia ficus _xindica _xCrop production _9149516 |
||
| 650 |
_aOpuntia ficus _xindica _xProducción de cultivos _9149517 |
||
| 700 |
_aBarbera, Giuseppe, ed. _9149518 |
||
| 700 |
_aInglese, Paolo, ed. _9149519 |
||
| 700 |
_aPimienta Barrios, Eulogio, ed. _9149520 |
||
| 901 | _a583.47 A37 1999 | ||
| 902 | _aM | ||
| 905 | _a5232271999 it dimn8226223322spa16 | ||
| 942 |
_cLIBRO _2ddc |
||
| 999 |
_c171464 _d171464 |
||